000 00524nam a2200193Ia 4500
003 GCL
008 140319s9999 xx 000 0 eng d
040 _aGCL /
_cGCL
082 0 4 _a741.24
_bW C
100 1 _aWARR, MICHEL
245 1 0 _aCOLOURD PENCILS FOR ALL: A COMPREHENSIVE GUIDE TO DRAWING IN COLOUR /
_cWARR, MICHEL
260 _a[S.N] :
_bDAVID & CHARLES ،
_c1998
300 _a128 P
650 0 4 _aCOLOURED PENCIL DRAWING
650 0 4 _aPENCIL DRAWING
650 0 4 _aARTS
650 0 4 _aCOLOURS
942 _2ddc
_cBK
999 _c16439
_d16439